<?xml version="1.0" encoding="UTF-8"?>
<record
    xmlns:xsi="http://www.w3.org/2001/XMLSchema-instance"
    xsi:schemaLocation="http://www.loc.gov/MARC21/slim http://www.loc.gov/standards/marcxml/schema/MARC21slim.xsd"
    xmlns="http://www.loc.gov/MARC21/slim">

  <leader>00524nam a22001937a 4500</leader>
  <controlfield tag="005">20250217092918.0</controlfield>
  <controlfield tag="008">250217b           ||||| |||| 00| 0 eng d</controlfield>
  <datafield tag="020" ind1=" " ind2=" ">
    <subfield code="a">9788197595103</subfield>
  </datafield>
  <datafield tag="040" ind1=" " ind2=" ">
    <subfield code="c">AL</subfield>
  </datafield>
  <datafield tag="041" ind1=" " ind2=" ">
    <subfield code="a">English</subfield>
  </datafield>
  <datafield tag="082" ind1=" " ind2=" ">
    <subfield code="2">23</subfield>
    <subfield code="a">820.13</subfield>
    <subfield code="b">FELC</subfield>
  </datafield>
  <datafield tag="100" ind1=" " ind2=" ">
    <subfield code="a">Seira Felix</subfield>
    <subfield code="9">200152</subfield>
  </datafield>
  <datafield tag="245" ind1=" " ind2=" ">
    <subfield code="a">Cry heard as a song</subfield>
  </datafield>
  <datafield tag="260" ind1=" " ind2=" ">
    <subfield code="a">Mangaluru</subfield>
    <subfield code="b">St Aloysius Prakashana </subfield>
    <subfield code="c">2024</subfield>
  </datafield>
  <datafield tag="300" ind1=" " ind2=" ">
    <subfield code="a">150 p.</subfield>
    <subfield code="b">PB</subfield>
    <subfield code="c">19x13 cm.</subfield>
  </datafield>
  <datafield tag="365" ind1=" " ind2=" ">
    <subfield code="b">&#x20B9;220.00</subfield>
    <subfield code="c">&#x20B9;</subfield>
    <subfield code="d">&#x20B9;220.00</subfield>
  </datafield>
  <datafield tag="650" ind1=" " ind2=" ">
    <subfield code="a">Indian English Poetry</subfield>
    <subfield code="9">200153</subfield>
  </datafield>
  <datafield tag="942" ind1=" " ind2=" ">
    <subfield code="2">ddc</subfield>
    <subfield code="c">BK</subfield>
  </datafield>
  <datafield tag="999" ind1=" " ind2=" ">
    <subfield code="c">233807</subfield>
    <subfield code="d">233807</subfield>
  </datafield>
  <datafield tag="952" ind1=" " ind2=" ">
    <subfield code="0">0</subfield>
    <subfield code="1">0</subfield>
    <subfield code="2">ddc</subfield>
    <subfield code="4">0</subfield>
    <subfield code="7">0</subfield>
    <subfield code="8">ENG</subfield>
    <subfield code="a">AL</subfield>
    <subfield code="b">AL</subfield>
    <subfield code="d">2025-02-15</subfield>
    <subfield code="g">220.00</subfield>
    <subfield code="l">0</subfield>
    <subfield code="o">820.13 FELC</subfield>
    <subfield code="p">D06258</subfield>
    <subfield code="r">2025-02-17 00:00:00</subfield>
    <subfield code="v">220.00</subfield>
    <subfield code="w">2025-02-17</subfield>
    <subfield code="y">BK</subfield>
    <subfield code="z">Donated by St Aloysius Prakashana</subfield>
  </datafield>
  <datafield tag="952" ind1=" " ind2=" ">
    <subfield code="0">0</subfield>
    <subfield code="1">0</subfield>
    <subfield code="2">ddc</subfield>
    <subfield code="4">0</subfield>
    <subfield code="7">0</subfield>
    <subfield code="8">ENG</subfield>
    <subfield code="a">AL</subfield>
    <subfield code="b">AL</subfield>
    <subfield code="d">2025-02-15</subfield>
    <subfield code="g">220.00</subfield>
    <subfield code="l">0</subfield>
    <subfield code="o">820.13 FELC</subfield>
    <subfield code="p">D06259</subfield>
    <subfield code="r">2025-02-17 00:00:00</subfield>
    <subfield code="v">220.00</subfield>
    <subfield code="w">2025-02-17</subfield>
    <subfield code="y">BK</subfield>
    <subfield code="z">Donated by St Aloysius Prakashana</subfield>
  </datafield>
  <datafield tag="952" ind1=" " ind2=" ">
    <subfield code="0">0</subfield>
    <subfield code="1">0</subfield>
    <subfield code="2">ddc</subfield>
    <subfield code="4">0</subfield>
    <subfield code="7">0</subfield>
    <subfield code="8">ENG</subfield>
    <subfield code="a">AL</subfield>
    <subfield code="b">AL</subfield>
    <subfield code="d">2025-02-15</subfield>
    <subfield code="g">220.00</subfield>
    <subfield code="l">0</subfield>
    <subfield code="o">820.13 FELC</subfield>
    <subfield code="p">D06260</subfield>
    <subfield code="r">2025-02-17 00:00:00</subfield>
    <subfield code="v">220.00</subfield>
    <subfield code="w">2025-02-17</subfield>
    <subfield code="y">BK</subfield>
    <subfield code="z">Donated by St Aloysius Prakashana</subfield>
  </datafield>
  <datafield tag="952" ind1=" " ind2=" ">
    <subfield code="0">0</subfield>
    <subfield code="1">0</subfield>
    <subfield code="2">ddc</subfield>
    <subfield code="4">0</subfield>
    <subfield code="7">0</subfield>
    <subfield code="8">ENG</subfield>
    <subfield code="a">AL</subfield>
    <subfield code="b">AL</subfield>
    <subfield code="d">2025-02-15</subfield>
    <subfield code="g">220.00</subfield>
    <subfield code="l">0</subfield>
    <subfield code="o">820.13 FELC</subfield>
    <subfield code="p">D06261</subfield>
    <subfield code="r">2025-02-17 00:00:00</subfield>
    <subfield code="v">220.00</subfield>
    <subfield code="w">2025-02-17</subfield>
    <subfield code="y">BK</subfield>
    <subfield code="z">Donated by St Aloysius Prakashana</subfield>
  </datafield>
  <datafield tag="952" ind1=" " ind2=" ">
    <subfield code="0">0</subfield>
    <subfield code="1">0</subfield>
    <subfield code="2">ddc</subfield>
    <subfield code="4">0</subfield>
    <subfield code="7">0</subfield>
    <subfield code="8">ENG</subfield>
    <subfield code="a">AL</subfield>
    <subfield code="b">AL</subfield>
    <subfield code="d">2025-02-15</subfield>
    <subfield code="g">220.00</subfield>
    <subfield code="l">0</subfield>
    <subfield code="o">820.13 FELC</subfield>
    <subfield code="p">D06262</subfield>
    <subfield code="r">2025-02-17 00:00:00</subfield>
    <subfield code="v">220.00</subfield>
    <subfield code="w">2025-02-17</subfield>
    <subfield code="y">BK</subfield>
    <subfield code="z">Donated by St Aloysius Prakashana</subfield>
  </datafield>
</record>
